| 000 | 00000nam##2200000za#4500 |
| 001 | 9.693521 |
| 003 | CaOODSP |
| 005 | 20210624233713 |
| 007 | cr ||||||||||| |
| 008 | 150407|2001||||xxc|||||o f|0| 0 eng|d |
| 040 | |aCaOODSP|beng |
| 043 | |an-cn--- |
| 086 | 1 |aA22-218/2001E-PDF |
| 110 | 1 |aCanada.|bAgriculture and Agri-Food Canada. |bPolicy Branch. |
| 245 | 14|aThe National Rural Conference : |h[electronic resource]|brural action plan |
| 246 | 1 |iAt head of title : |aBuilding our future together |
| 260 | |aOttawa - Ontario : |bAgriculture and Agri-Food Canada. |c2001. |
| 300 | |a19p. |
| 590 | |a10-05-Supp|b2010-07-20 |
| 690 | 07|aIsolated communities|2gcpds |
| 690 | 07|aRural communities|2gcpds |
| 690 | 07|aRural development|2gcpds |
| 775 | 08|tConférence rurale nationale : |w(CaOODSP)9.637699 |
| 776 | 0#|tThe National Rural Conference: rural action plan |w(CaOODSP)9.662541 |
| 776 | 0#|tConférence rurale nationale: plan d'action rural |w(CaOODSP)9.662542 |
| 856 | 40|ahttp://publications.gc.ca|qPDF|s222 KB|uhttps://publications.gc.ca/collections/Collection/A22-218-2001E.pdf |